Boundary control and legal principles (Record no. 92277)
[ view plain ]
| 000 -LEADER | |
|---|---|
| fixed length control field | 00745cam a2200289 4500 |
| 008 - FIXED-LENGTH DATA ELEMENTS--GENERAL INFORMATION | |
| fixed length control field | 090401t1986 xxu||||| |||| 00| 0 eng d |
| 020 ## - INTERNATIONAL STANDARD BOOK NUMBER | |
| International Standard Book Number | 0471083844 |
| 035 ## - SYSTEM CONTROL NUMBER | |
| System control number | (Sirsi) u48078 |
| 041 ## - LANGUAGE CODE | |
| Language code of text/sound track or separate title | eng |
| 050 ## - LIBRARY OF CONGRESS CALL NUMBER | |
| Classification number | 346.730432 |
| 100 ## - MAIN ENTRY--PERSONAL NAME | |
| Personal name | Brown, Curtis Maitland |
| 245 ## - TITLE STATEMENT | |
| Title | Boundary control and legal principles |
| 250 ## - EDITION STATEMENT | |
| Edition statement | 3rd. ed. |
| 260 ## - PUBLICATION, DISTRIBUTION, ETC. | |
| Place of publication, distribution, etc. | New York |
| Name of publisher, distributor, etc. | John Wiley and Sons |
| Date of publication, distribution, etc. | 1986 |
| 300 ## - PHYSICAL DESCRIPTION | |
| Extent | xv,409p. : ill. ; 24cm. |
| 350 ## - PRICE (NR) (BK AM CF MU VM SE) [OBSOLETE] | |
| Price | 0 |
| 650 ## - SUBJECT ADDED ENTRY--TOPICAL TERM | |
| Topical term or geographic name entry element | Boundary disputes |
| 9 (RLIN) | 6221 |
| 650 ## - SUBJECT ADDED ENTRY--TOPICAL TERM | |
| Topical term or geographic name entry element | LAND SURVEYING |
| 650 ## - SUBJECT ADDED ENTRY--TOPICAL TERM | |
| Topical term or geographic name entry element | LAW |
| 650 ## - SUBJECT ADDED ENTRY--TOPICAL TERM | |
| Topical term or geographic name entry element | LITTORAL RIGHTS |
| 650 ## - SUBJECT ADDED ENTRY--TOPICAL TERM | |
| Topical term or geographic name entry element | RIPARIAN RIGHTS |
| 650 ## - SUBJECT ADDED ENTRY--TOPICAL TERM | |
| Topical term or geographic name entry element | UNITED STATES |
| 700 ## - ADDED ENTRY--PERSONAL NAME | |
| Personal name | Robillard, Walter George |
| 700 ## - ADDED ENTRY--PERSONAL NAME | |
| Personal name | Wilson, Donald A |
| 942 ## - ADDED ENTRY ELEMENTS (KOHA) | |
| Suppress in OPAC | 0 |
| 948 ## - LOCAL PROCESSING INFORMATION (OCLC); SERIES PART DESIGNATOR (RLIN) | |
| c (OCLC) | 04/03/1997 |
| Withdrawn status | Lost status | Source of classification or shelving scheme | Damaged status | Not for loan | Home library | Current library | Shelving location | Date acquired | Total Checkouts | Full call number | Barcode | Date last seen | Copy number | Price effective from | Koha item type |
|---|---|---|---|---|---|---|---|---|---|---|---|---|---|---|---|
| Dewey Decimal Classification | London | London | Basement | 05/04/1993 | SHELF 313 | 30007372 | 06/08/2019 | 1 | 06/08/2019 | Book |